| 000 | 00577nam a2200217 i 4500 | ||
|---|---|---|---|
| 001 | bg | ||
| 100 | 1 | _aKIERKLO, Jacek | |
| 245 | 1 | 0 |
_aTurbo Vision : _bprogramowanie obiektowe dla każdego / _cJacek Kierklo. |
| 260 |
_aWarszawa : _b"Mikom", _c1994. |
||
| 300 |
_a227 s. : _brys. ; _c24 cm. |
||
| 630 | 0 | 9 | _aPASCAL |
| 650 | 9 | _aProgramowanie obiektowe | |
| 655 | _aPodręczniki | ||
| 020 | _a8385625496 | ||
| 040 | _cBPK | ||
| 041 | 0 | _apl | |
| 080 | _a681.322.06:519.682PASCAL](07) | ||
| 920 | _a83-85625-49-6 | ||
| 942 | _cKS | ||
| 008 | s pl f |000 0 pol | ||
| 999 |
_c6977 _d6977 |
||
| 856 |
_uhttp://koha.tu.koszalin.pl/cgi-bin/koha/opac-detail.pl?biblionumber=6977 _yKatalog online BPK |
||